Cargando…

Fault Lines : Views across Haiti's Divide /

Beverly Bell, an activist and award-winning writer, has dedicated her life to working for democracy, women's rights, and economic justice in Haiti and elsewhere. Since the 7.0 magnitude earthquake of January 12, 2010, that struck the island nation, killing more than a quarter-million people and...

Descripción completa

Detalles Bibliográficos
Autor principal: Bell, Beverly, 1962-
Formato: Electrónico eBook
Idioma:Inglés
Publicado: Ithaca : Cornell University Press, 2013.
Colección:Book collections on Project MUSE.
Temas:
Acceso en línea:Texto completo

MARC

LEADER 00000cam a22000004a 4500
001 musev2_43568
003 MdBmJHUP
005 20230905044549.0
006 m o d
007 cr||||||||nn|n
008 131210s2013 nyu o 00 0 eng d
020 |a 9780801468322 
020 |z 0801452120 
020 |z 0801468329 
020 |z 9780801452123 
035 |a (OCoLC)966836557 
040 |a MdBmJHUP  |c MdBmJHUP 
100 1 |a Bell, Beverly,  |d 1962- 
245 1 0 |a Fault Lines :   |b Views across Haiti's Divide /   |c Beverly Bell. 
264 1 |a Ithaca :  |b Cornell University Press,  |c 2013. 
264 3 |a Baltimore, Md. :  |b Project MUSE,   |c 2017 
264 4 |c ©2013. 
300 |a 1 online resource:   |b illustrations 
336 |a text  |b txt  |2 rdacontent 
337 |a computer  |b c  |2 rdamedia 
338 |a online resource  |b cr  |2 rdacarrier 
505 0 |a Introduction : 35 seconds -- We don't have enough water to make tears (surviving the earthquake, or not) (January 2010) -- What we have, we share : solidarity undergirds rescue and relief (January 2010) -- The pearl of the Antilles : the political economy of peril (February 2010) -- Maroon man : social movements throughout history (February 2010) -- We will carry you on : the women's movement (March 2010) -- You can't eat okra with one finger : community-run humanitarian aid (March 2010) -- Fragile as a crystal (tales from three months out) (April 010) -- Children of the land : small farmers and agriculture (April 2010) -- Grains and guns : foreign aid and reconstruction (May 2010) -- The ones who must decide : social movements in the reconstruction (May 2010) -- Our bodies are shaking now : violence against girls and women (June 2010) -- The creole connection : people-to-people aid and solidarity across borders (June 2010) -- We've lost the battle, but we haven't lost the war (tales from six months out) (July 2010) -- Social fault lines : class and catastrophe (July 2010) -- Monsanto seeds, Miami rice : the politics of food aid and trade (August 2010) -- Home : from tent camp to community (August 2010) -- For want of twenty cents : children's rights and security (September 2010) -- The Super Bowl of disasters : profiting from crisis (September 2010) -- The commonplace amidst the catastrophic (tales from nine months out) (October 2010) -- Beyond medical care : the health of the nation (October 2010) -- Hold strong : the pros and pitfalls of resilience (November 2010) -- Mrs. Clinton will never see me working there the offshore assembly industry (November, 2010) -- The central pillar : peasant women (December 2010) -- Elections (in the time of cholera) (December 2010) -- We will never fall asleep forgetting (tales from twelve months out) (January 2011) -- Epilogue : bringing it back home. 
520 |a Beverly Bell, an activist and award-winning writer, has dedicated her life to working for democracy, women's rights, and economic justice in Haiti and elsewhere. Since the 7.0 magnitude earthquake of January 12, 2010, that struck the island nation, killing more than a quarter-million people and leaving another two million Haitians homeless, Bell has spent much of her time in Haiti. Her new book, Fault Lines, is a searing account of the first year after the earthquake. Bell explores how strong communities and an age-old gift culture have helped Haitians survive in the wake of an unimaginable disaster, one that only compounded the preexisting social and economic distress of their society. The book examines the history that caused such astronomical destruction. It also draws in theories of resistance and social movements to scrutinize grassroots organizing for a more just and equitable country. Fault Lines offers rich perspectives rarely seen outside Haiti. Readers accompany the author through displaced persons camps, shantytowns, and rural villages, where they get a view that defies the stereotype of Haiti as a lost nation of victims. Street journals impart the author's intimate knowledge of the country, which spans thirty-five years. Fault Lines also combines excerpts of more than one hundred interviews with Haitians, historical and political analysis, and investigative journalism. Fault Lines includes twelve photos from the year following the 2010 earthquake. Bell also investigates and critiques U.S. foreign policy, emergency aid, standard development approaches, the role of nongovernmental organizations, and disaster capitalism. Woven through the text are comparisons to the crisis and cultural resistance in Bell's home city of New Orleans, when the levees broke in the wake of Hurricane Katrina. Ultimately a tale of hope, Fault Lines will give readers a new understanding of daily life, structural challenges, and collective dreams in one of the world's most complex countries. 
546 |a In English. 
588 |a Description based on print version record. 
650 7 |a Social conditions.  |2 fast  |0 (OCoLC)fst01919811 
650 7 |a Economic history.  |2 fast  |0 (OCoLC)fst00901974 
650 7 |a Earthquake relief.  |2 fast  |0 (OCoLC)fst00900875 
650 7 |a HISTORY  |z Latin America  |z Mexico.  |2 bisacsh 
650 7 |a social history.  |2 aat 
650 7 |a earthquakes.  |2 aat 
650 6 |a Histoire sociale. 
650 6 |a Medecine  |x Histoire  |y 21e siecle. 
650 6 |a Tremblements de terre. 
650 6 |a Tremblement de terre d'Haïti, Haïti, 2010. 
650 6 |a Secours aux victimes de tremblements de terre  |z Haïti. 
650 2 |a Social Conditions 
650 2 |a Relief Work 
650 2 |a History, 21st Century 
650 2 |a Earthquakes 
650 0 |a Social history. 
650 0 |a Earthquakes. 
650 0 |a Haiti Earthquake, Haiti, 2010. 
650 0 |a Earthquake relief  |z Haiti. 
651 7 |a Haiti.  |2 fast  |0 (OCoLC)fst01205135 
651 6 |a Haïti  |x Conditions economiques  |y 21e siecle. 
651 6 |a Haïti  |x Conditions sociales  |y 21e siecle. 
651 2 |a Haiti 
651 0 |a Haiti  |x Economic conditions  |y 21st century. 
651 0 |a Haiti  |x Social conditions  |y 21st century. 
655 0 |a Electronic book. 
655 7 |a Electronic books.   |2 local 
710 2 |a Project Muse.  |e distributor 
830 0 |a Book collections on Project MUSE. 
856 4 0 |z Texto completo  |u https://projectmuse.uam.elogim.com/book/43568/ 
945 |a Project MUSE - Custom Collection 
945 |a Project MUSE - Archive Complete Supplement V 
945 |a Project MUSE - Archive History Supplement V 
945 |a Project MUSE - Archive Latin American and Caribbean Studies Supplement IV